Introduction to the New Testament; vol. 3. (Record no. 15551)

000 -LEADER
fixed length control field 00591nam a2200181 a 4500
001 - CONTROL NUMBER
control field :::00014393$&:&@@
003 - CONTROL NUMBER IDENTIFIER
control field OkBaRHE
005 - DATE AND TIME OF LATEST TRANSACTION
control field 20000830105004.0
008 - FIXED-LENGTH DATA ELEMENTS--GENERAL INFORMATION
fixed length control field s1977 j 000 0 eng u
040 ## - CATALOGING SOURCE
Transcribing agency
100 1# - MAIN ENTRY--PERSONAL NAME
Personal name Zahn, Theodor Von, 1838-1933.
245 10 - TITLE STATEMENT
Title Introduction to the New Testament; vol. 3.
260 ## - PUBLICATION, DISTRIBUTION, ETC. (IMPRINT)
Place of publication, distribution, etc Minneapolis, MN., :
Name of publisher, distributor, etc Klock and Klock Christian Publishers
Date of publication, distribution, etc 1977
300 ## - PHYSICAL DESCRIPTION
Extent 23 cm.
650 ## - SUBJECT ADDED ENTRY--TOPICAL TERM
Topical term or geographic name as entry element Bible New Testament
General subdivision Introductions
942 ## - ADDED ENTRY ELEMENTS (KOHA)
Source of classification or shelving scheme
Koha item type Books
Copies
Copy number Date acquired Full call number Date last seen Withdrawn status Source of classification or shelving scheme Damaged status Barcode Koha item type Not for loan Lost status Permanent Location Shelving location Price effective from
12010-04-14BS 2330 .Z32018-03-06   14393Books  RHEMA Bible Training CollegeGeneral Stacks2010-04-14